Ecommerce. (Record no. 349950)

000 -LEADER
fixed length control field 00615nam a22002297a 4500
003 - CONTROL NUMBER IDENTIFIER
control field OSt
005 - DATE AND TIME OF LATEST TRANSACTION
control field 20180116183003.0
008 - FIXED-LENGTH DATA ELEMENTS--GENERAL INFORMATION
fixed length control field 150803b xxu||||| |||| 00| 0 eng d
020 ## - INTERNATIONAL STANDARD BOOK NUMBER
International Standard Book Number 9788131505335
022 ## - INTERNATIONAL STANDARD SERIAL NUMBER
International Standard Serial Number 8131505332
040 ## - CATALOGING SOURCE
Transcribing agency 0
050 ## - LIBRARY OF CONGRESS CALL NUMBER
Classification number 658.84
082 ## - DEWEY DECIMAL CLASSIFICATION NUMBER
Classification number 658.84
100 ## - MAIN ENTRY--PERSONAL NAME
Personal name Schneider,Gary P.
245 ## - TITLE STATEMENT
Title Ecommerce.
Remainder of title Strategy,Technology and Implementation.
Statement of responsibility, etc. Gary P.Schneider
260 ## - PUBLICATION, DISTRIBUTION, ETC.
Place of publication, distribution, etc. Australia
Name of publisher, distributor, etc. Course Technology.Cengage Learning.
Date of publication, distribution, etc. 2007
300 ## - PHYSICAL DESCRIPTION
Extent 455p.
500 ## - GENERAL NOTE
General note Paper Cover
600 ## - SUBJECT ADDED ENTRY--PERSONAL NAME
Personal name Schneider,Gary P.
700 ## - ADDED ENTRY--PERSONAL NAME
Personal name Schneider,Gary P.
942 ## - ADDED ENTRY ELEMENTS (KOHA)
Source of classification or shelving scheme
Koha item type Book
Call number prefix 658.84
Holdings
Withdrawn status Lost status Source of classification or shelving scheme Damaged status Not for loan Collection code Permanent Location Current Location Shelving location Date acquired Total Checkouts Full call number Barcode Date last seen Date last checked out Price effective from Koha item type
            Central Library (CL) Central Library (CL) General Stacks 08/03/2015 1 658.84 SCH NBS8444 02/27/2020 09/20/2019 08/03/2015 Book
© 2023 Central Library, National University of Sciences and Technology. All Rights Reserved.